[Event "FICGS rapid D 000135 email"]
[Site "FICGS email"]
[Date "2020.10.07"]
[Round "1"]
[White "Trigance, Emile"]
[Black "Niglio, Biagio"]
[Result "1-0"]
[WhiteElo "1674"]
[BlackElo "1489"]
[PlyCount "65"]
[EventDate "2020.??.??"]
[EventType "tourn (rapid)"]
[EventRounds "5"]
[SourceTitle "Corr 2022"]
[Source "ChessBase"]
[SourceDate "2021.10.24"]
[SourceVersion "1"]
[SourceVersionDate "2021.10.24"]
[SourceQuality "1"]

1. Nf3 d5 2. c4 d4 3. e3 Nc6 4. exd4 Nxd4 5. Nxd4 Qxd4 6. Nc3 c6 7. d3 Nh6 8. Be3 Qd8 9. f3 Nf5 10. Bf2 e5 11. Be2 Bd6 12. 0-0 0-0 13. Ne4 Bc7 14. Ng3 Nd4 15. Re1 Ba5 16. Rf1 Be6 17. a3 f5 18. b4 Bc7 19. Re1 a5 20. Qb1 axb4 21. axb4 Rxa1 22. Qxa1 Nc2 23. Qb2 Nxe1 24. Bxe1 Qd4+ 25. Qxd4 exd4 26. Bf2 Rd8 27. Kf1 Be5 28. Nh5 Ra8 29. Bg3 Bxg3 30. Nxg3 Ra4 31. Bd1 Rxb4 32. Ne2 c5 33. Nf4 1-0

[Event "FICGS rapid D 000126 email"]
[Site "FICGS email"]
[Date "2019.10.05"]
[Round "1"]
[White "Niglio, Biagio"]
[Black "Pintor, Manuel Abranches"]
[Result "0-1"]
[WhiteElo "1458"]
[BlackElo "1496"]
[PlyCount "22"]
[EventDate "2019.??.??"]
[EventType "tourn (rapid)"]
[EventRounds "5"]
[SourceTitle "Corr 2022"]
[Source "ChessBase"]
[SourceDate "2021.10.24"]
[SourceVersion "1"]
[SourceVersionDate "2021.10.24"]
[SourceQuality "1"]

1. d4 d5 2. Nf3 Nc6 3. Bf4 Bg4 4. e3 f6 5. Be2 Bxf3 6. Bxf3 e6 7. Nd2 Bd6 8. Bxd6 Qxd6 9. c3 f5 10. a3 Nf6 11. c4 b6 0-1

[Event "FICGS class D 000256 email"]
[Site "FICGS email"]
[Date "2019.08.11"]
[Round "1"]
[White "Niglio, Biagio"]
[Black "Frasson, Gerardo"]
[Result "1-0"]
[WhiteElo "1458"]
[BlackElo "1430"]
[PlyCount "45"]
[EventDate "2019.??.??"]
[EventType "tourn (corr)"]
[EventRounds "6"]
[SourceTitle "Corr 2022"]
[Source "ChessBase"]
[SourceDate "2021.10.24"]
[SourceVersion "1"]
[SourceVersionDate "2021.10.24"]
[SourceQuality "1"]

1. Nf3 d5 2. d4 g6 3. Bf4 Nf6 4. e3 Bg7 5. h3 0-0 6. Be2 Nc6 7. 0-0 e6 8. c4 b6 9. Nc3 Ne7 10. cxd5 Nexd5 11. Nxd5 Nxd5 12. Bh2 f5 13. Be5 Nf6 14. Rc1 Nd5 15. Bxg7 Kxg7 16. Ne5 Bb7 17. Bf3 Qd6 18. Qa4 Rad8 19. Qxa7 Rb8 20. Qa4 Ra8 21. Qb3 c5 22. Nc4 Ra6 23. Nxd6 1-0

[Event "FICGS no engines 00 email"]
[Site "FICGS email"]
[Date "2019.06.08"]
[Round "1"]
[White "Niglio, Biagio"]
[Black "Trigance, Emile"]
[Result "0-1"]
[WhiteElo "1397"]
[BlackElo "1795"]
[PlyCount "68"]
[EventDate "2019.??.??"]
[EventType "swiss (corr)"]
[EventRounds "1"]
[SourceTitle "Corr 2022"]
[Source "ChessBase"]
[SourceDate "2021.10.24"]
[SourceVersion "1"]
[SourceVersionDate "2021.10.24"]
[SourceQuality "1"]

1. d4 Nf6 2. Nf3 g6 3. Bf4 Bg7 4. e3 0-0 5. Be2 d6 6. h3 c5 7. c3 Nbd7 8. Nbd2 a6 9. a4 b6 10. 0-0 Bb7 11. Qb3 Nd5 12. Bh2 N5f6 13. Rfd1 Rc8 14. dxc5 Nxc5 15. Qc2 Nce4 16. Nxe4 Bxe4 17. Qd2 Bb7 18. Qc2 h6 19. Nd2 Nd7 20. Bf3 Qc7 21. Bxb7 Qxb7 22. Qe4 Qxe4 23. Nxe4 Nc5 24. Nd2 Rc6 25. Nf3 Rfc8 26. Nd4 R6c7 27. f3 Nd7 28. Bg3 Ne5 29. Bxe5 Bxe5 30. Nc2 f5 31. Nb4 a5 32. Nd5 Rb7 33. f4 Bg7 34. Nxe7+ Rxe7 0-1

[Event "FICGS rapid D 000123 email"]
[Site "FICGS email"]
[Date "2019.04.15"]
[Round "1"]
[White "Benone, Mateia"]
[Black "Niglio, Biagio"]
[Result "0-1"]
[WhiteElo "1363"]
[BlackElo "1399"]
[PlyCount "42"]
[EventDate "2019.??.??"]
[EventType "tourn (rapid)"]
[EventRounds "5"]
[SourceTitle "Corr 2022"]
[Source "ChessBase"]
[SourceDate "2021.10.24"]
[SourceVersion "1"]
[SourceVersionDate "2021.10.24"]
[SourceQuality "1"]

1. Nf3 d5 2. d4 Nf6 3. c4 e6 4. Nc3 Be7 5. Bg5 h6 6. Bh4 0-0 7. e3 b6 8. Bd3 Bb7 9. 0-0 Nbd7 10. Qe2 c5 11. cxd5 Nxd5 12. Bg3 cxd4 13. exd4 N7f6 14. Rac1 Rc8 15. Nb5 a6 16. Nc3 b5 17. a3 Nxc3 18. Rxc3 Rxc3 19. bxc3 Bxa3 20. Ra1 Bd6 21. Bxd6 Qxd6 0-1

[Event "FICGS rapid D 000123 email"]
[Site "FICGS email"]
[Date "2019.04.15"]
[Round "1"]
[White "Guralivu, Paul"]
[Black "Niglio, Biagio"]
[Result "1-0"]
[WhiteElo "1656"]
[BlackElo "1399"]
[PlyCount "41"]
[EventDate "2019.??.??"]
[EventType "tourn (rapid)"]
[EventRounds "5"]
[SourceTitle "Corr 2022"]
[Source "ChessBase"]
[SourceDate "2021.10.24"]
[SourceVersion "1"]
[SourceVersionDate "2021.10.24"]
[SourceQuality "1"]

1. d4 d5 2. c4 e5 3. e3 Nc6 4. Nc3 Bb4 5. dxe5 Nge7 6. f4 d4 7. exd4 Qxd4 8. Bd2 Be6 9. Nf3 Qd7 10. a3 Bxc3 11. Bxc3 Rd8 12. Qxd7+ Rxd7 13. Kf2 0-0 14. Be2 Rfd8 15. b3 Nf5 16. g4 Nfd4 17. Nxd4 Nxd4 18. f5 Nxe2 19. Kxe2 Rd3 20. fxe6 Rxc3 21. Rhd1 1-0

[Event "FICGS no engines 00 email"]
[Site "FICGS email"]
[Date "2019.04.01"]
[Round "1"]
[White "Niglio, Biagio"]
[Black "Sharma, Vivek"]
[Result "1-0"]
[WhiteElo "1399"]
[BlackElo "1471"]
[PlyCount "27"]
[EventDate "2019.??.??"]
[EventType "swiss (corr)"]
[EventRounds "1"]
[SourceTitle "Corr 2022"]
[Source "ChessBase"]
[SourceDate "2021.10.24"]
[SourceVersion "1"]
[SourceVersionDate "2021.10.24"]
[SourceQuality "1"]

1. d4 d5 2. Nf3 Nc6 3. Bf4 Nf6 4. e3 g6 5. c4 dxc4 6. Bxc4 Bf5 7. Nc3 Bg7 8. h3 0-0 9. 0-0 Na5 10. Bd3 Bxd3 11. Qxd3 c6 12. b4 b6 13. bxa5 bxa5 14. Ne5 1-0

[Event "FICGS no engines 00 email"]
[Site "FICGS email"]
[Date "2019.02.20"]
[Round "1"]
[White "Goldmund, Heike"]
[Black "Niglio, Biagio"]
[Result "0-1"]
[WhiteElo "1278"]
[BlackElo "1363"]
[PlyCount "94"]
[EventDate "2019.??.??"]
[EventType "swiss (corr)"]
[EventRounds "1"]
[SourceTitle "Corr 2022"]
[Source "ChessBase"]
[SourceDate "2021.10.24"]
[SourceVersion "1"]
[SourceVersionDate "2021.10.24"]
[SourceQuality "1"]

1. b4 Nf6 2. Bb2 e6 3. a3 d5 4. e3 Bd6 5. c4 c6 6. Nf3 Nbd7 7. d3 0-0 8. Nbd2 e5 9. Be2 Re8 10. 0-0 Nf8 11. Qc2 Ng6 12. c5 Bc7 13. h3 Bd7 14. Rfd1 Qe7 15. Bf1 a5 16. e4 b6 17. Nh2 bxc5 18. bxc5 Rab8 19. Rab1 Rb7 20. Ndf3 d4 21. Bc1 Rxb1 22. Qxb1 Rb8 23. Qc2 Rb5 24. Nh4 Nxh4 25. a4 Rb8 26. Bg5 Ng6 27. Qd2 Qxc5 28. Rc1 Qd6 29. Qa2 Be6 30. Qc2 Bd7 31. g4 h6 32. Bd2 Nf4 33. Nf3 Qe6 34. Nh4 Nxg4 35. hxg4 Qxg4+ 36. Ng2 Nh3+ 37. Kh1 Nxf2+ 38. Kg1 Nh3+ 39. Kh2 Ng5 40. Bxg5 Qxg5 41. Qf2 Qxc1 42. Nh4 Qf4+ 43. Kg1 Qxf2+ 44. Kxf2 Rb4 45. Be2 Rxa4 46. Bd1 Ra2+ 47. Kg3 Rd2 0-1

[Event "FICGS no engines 00 email"]
[Site "FICGS email"]
[Date "2019.02.20"]
[Round "1"]
[White "Trigance, Emile"]
[Black "Niglio, Biagio"]
[Result "1/2-1/2"]
[WhiteElo "1764"]
[BlackElo "1363"]
[PlyCount "56"]
[EventDate "2019.??.??"]
[EventType "swiss (corr)"]
[EventRounds "1"]
[SourceTitle "Corr 2022"]
[Source "ChessBase"]
[SourceDate "2021.10.24"]
[SourceVersion "1"]
[SourceVersionDate "2021.10.24"]
[SourceQuality "1"]

1. f4 e5 2. fxe5 d6 3. exd6 Bxd6 4. Nf3 g5 5. d4 g4 6. Ne5 Bxe5 7. dxe5 Qxd1+ 8. Kxd1 Nc6 9. Nc3 Be6 10. Bg5 Nge7 11. e4 0-0-0+ 12. Ke1 Rd7 13. Bf6 Rg8 14. Bb5 a6 15. Bxe7 Rxe7 16. Bxc6 bxc6 17. Na4 Bc4 18. b3 Bb5 19. Nc3 Rxe5 20. Kf2 Rc5 21. Nxb5 Rxc2+ 22. Kg3 cxb5 23. Rhf1 Rg7 24. Rfc1 Re2 25. Re1 Rd2 26. Red1 Re2 27. Re1 Rd2 28. Red1 Re2 1/2-1/2

[Event "FICGS no engines 00 email"]
[Site "FICGS email"]
[Date "2019.01.03"]
[Round "1"]
[White "Niglio, Biagio"]
[Black "Baum, Jurgen"]
[Result "1-0"]
[WhiteElo "1363"]
[BlackElo "1800"]
[PlyCount "29"]
[EventDate "2019.??.??"]
[EventType "swiss (corr)"]
[EventRounds "1"]
[SourceTitle "Corr 2022"]
[Source "ChessBase"]
[SourceDate "2021.10.24"]
[SourceVersion "1"]
[SourceVersionDate "2021.10.24"]
[SourceQuality "1"]

1. d4 Nf6 2. Nf3 b5 3. Bf4 Bb7 4. e3 a6 5. Nbd2 e6 6. Bd3 c5 7. c3 d5 8. Ne5 Nbd7 9. 0-0 Nxe5 10. dxe5 Nd7 11. Nf3 f6 12. exf6 Nxf6 13. a4 c4 14. Bc2 Be7 15. Nd4 1-0

[Event "FICGS no engines 00 email"]
[Site "FICGS email"]
[Date "2018.11.05"]
[Round "1"]
[White "Niglio, Biagio"]
[Black "Horoshilov, Andrey"]
[Result "1-0"]
[WhiteElo "1305"]
[BlackElo "1694"]
[PlyCount "57"]
[EventDate "2018.??.??"]
[EventType "swiss (corr)"]
[EventRounds "1"]
[SourceTitle "Corr 2022"]
[Source "ChessBase"]
[SourceDate "2021.10.24"]
[SourceVersion "1"]
[SourceVersionDate "2021.10.24"]
[SourceQuality "1"]

1. Nf3 Nf6 2. d4 d5 3. Bf4 Bf5 4. e3 e6 5. Bd3 Nc6 6. c3 Bd6 7. Bg3 Bxg3 8. hxg3 Ne4 9. Qc2 Qf6 10. Nbd2 Nxd2 11. Kxd2 Bxd3 12. Qxd3 g6 13. Rh6 Qg7 14. Rah1 0-0-0 15. Ng5 Qf6 16. f4 e5 17. Rxh7 Rxh7 18. Rxh7 e4 19. Qe2 Na5 20. Rxf7 Qb6 21. Kc1 Rh8 22. Rh7 Rxh7 23. Nxh7 Nc4 24. Ng5 a5 25. Nxe4 a4 26. Nc5 Qa5 27. e4 dxe4 28. Qxc4 Kb8 29. Qxa4 1-0

[Event "FICGS class E 000215 email"]
[Site "FICGS email"]
[Date "2018.10.28"]
[Round "1"]
[White "Pech, Jaroslav Sr"]
[Black "Niglio, Biagio"]
[Result "1-0"]
[WhiteElo "1599"]
[BlackElo "1305"]
[PlyCount "43"]
[EventDate "2018.??.??"]
[EventType "tourn (corr)"]
[EventRounds "5"]
[SourceTitle "Corr 2022"]
[Source "ChessBase"]
[SourceDate "2021.10.24"]
[SourceVersion "1"]
[SourceVersionDate "2021.10.24"]
[SourceQuality "1"]

1. e4 c6 2. d4 d5 3. Nc3 dxe4 4. Nxe4 Bf5 5. Ng3 Bg6 6. h4 h6 7. Nf3 Nd7 8. h5 Bh7 9. Bd3 Bxd3 10. Qxd3 e6 11. Bf4 Ngf6 12. 0-0-0 Be7 13. Kb1 Qa5 14. Ne5 Nxe5 15. dxe5 Nd5 16. Bd2 Qc7 17. c4 Nb6 18. Bf4 Nd7 19. Ne4 Nc5 20. Nxc5 Bxc5 21. Qg3 Bf8 22. Be3 1-0

[Event "FICGS no engines 00 email"]
[Site "FICGS email"]
[Date "2018.09.23"]
[Round "1"]
[White "Goldmund, Heike"]
[Black "Niglio, Biagio"]
[Result "0-1"]
[WhiteElo "1307"]
[BlackElo "1305"]
[PlyCount "70"]
[EventDate "2018.??.??"]
[EventType "swiss (corr)"]
[EventRounds "1"]
[SourceTitle "Corr 2022"]
[Source "ChessBase"]
[SourceDate "2021.10.24"]
[SourceVersion "1"]
[SourceVersionDate "2021.10.24"]
[SourceQuality "1"]

1. b4 e5 2. Bb2 Bxb4 3. Bxe5 Nf6 4. c4 0-0 5. a3 Ba5 6. e3 Re8 7. Nf3 c5 8. Be2 Nc6 9. Bb2 d5 10. cxd5 Nxd5 11. 0-0 Bf5 12. Qb3 Qd6 13. d3 Be6 14. Qc2 f6 15. Nbd2 Qe7 16. Nc4 Bc7 17. Rab1 b6 18. Nfd2 b5 19. e4 Nf4 20. Bf3 bxc4 21. Nxc4 Nd4 22. Bxd4 cxd4 23. Rb7 Bc8 24. Rb4 Rb8 25. Rfb1 Ba6 26. Nd2 Bxd3 27. Qb3+ Kf8 28. g3 Bxb1 29. Qxb1 Rxb4 30. axb4 Nh3+ 31. Kg2 Ng5 32. Be2 Nxe4 33. Nxe4 Qxe4+ 34. Qxe4 Rxe4 35. Bd3 Re6 0-1

[Event "FICGS no engines 00 email"]
[Site "FICGS email"]
[Date "2018.06.17"]
[Round "1"]
[White "Niglio, Biagio"]
[Black "Barbosa, Edinardo"]
[Result "0-1"]
[WhiteElo "1305"]
[BlackElo "1718"]
[PlyCount "44"]
[EventDate "2018.??.??"]
[EventType "swiss (corr)"]
[EventRounds "1"]
[SourceTitle "Corr 2022"]
[Source "ChessBase"]
[SourceDate "2021.10.24"]
[SourceVersion "1"]
[SourceVersionDate "2021.10.24"]
[SourceQuality "1"]

1. Nf3 d5 2. d4 c5 3. c3 e6 4. Bf4 Nc6 5. e3 Qb6 6. Qb3 cxd4 7. exd4 Nf6 8. Nbd2 Be7 9. Bd3 Bd7 10. 0-0 0-0 11. Qxb6 axb6 12. a3 Na5 13. Ne5 Be8 14. g4 Nc6 15. h3 h6 16. Nef3 Nd7 17. b4 g5 18. Bg3 f6 19. Rfe1 Bf7 20. c4 e5 21. dxe5 fxe5 22. Nxe5 Ncxe5 0-1

[Event "FICGS no engines 00 email"]
[Site "FICGS email"]
[Date "2018.06.17"]
[Round "1"]
[White "Niglio, Biagio"]
[Black "Sharma, Vivek"]
[Result "1-0"]
[WhiteElo "1305"]
[BlackElo "1655"]
[PlyCount "95"]
[EventDate "2018.??.??"]
[EventType "swiss (corr)"]
[EventRounds "1"]
[SourceTitle "Corr 2022"]
[Source "ChessBase"]
[SourceDate "2021.10.24"]
[SourceVersion "1"]
[SourceVersionDate "2021.10.24"]
[SourceQuality "1"]

1. Nf3 d5 2. d4 Nc6 3. Bf4 Nf6 4. e3 e6 5. Nbd2 Bd6 6. Bg3 0-0 7. c3 Qe7 8. Ne5 Bxe5 9. dxe5 Ne4 10. Nxe4 dxe4 11. Qc2 f5 12. exf6 Qxf6 13. Qxe4 e5 14. Bb5 Bd7 15. 0-0-0 Rad8 16. f3 a6 17. Bxc6 Bxc6 18. Qxe5 Qf7 19. b3 Rd7 20. Rxd7 Qxd7 21. Rd1 Qf7 22. Qxc7 Qe6 23. e4 Rf7 24. Rd8+ Be8 25. Qc8 Qxc8 26. Rxc8 Re7 27. Bd6 Re6 28. e5 Kf7 29. Rc7+ Kg6 30. Rxb7 Bc6 31. Rb6 Be8 32. Rxa6 Bb5 33. Rb6 Bf1 34. Bc7 Rxb6 35. Bxb6 Bxg2 36. f4 Kf5 37. Be3 Bf3 38. c4 Bh5 39. Kd2 Bf7 40. Kd3 h5 41. b4 g6 42. b5 Be6 43. a4 Kg4 44. a5 Kh3 45. b6 Bc8 46. e6 Kxh2 47. e7 Bd7 48. b7 1-0

[Event "FICGS no engines 00 email"]
[Site "FICGS email"]
[Date "2018.06.17"]
[Round "1"]
[White "Vollmer, Steve"]
[Black "Niglio, Biagio"]
[Result "0-1"]
[WhiteElo "1651"]
[BlackElo "1305"]
[PlyCount "84"]
[EventDate "2018.??.??"]
[EventType "swiss (corr)"]
[EventRounds "1"]
[SourceTitle "Corr 2022"]
[Source "ChessBase"]
[SourceDate "2021.10.24"]
[SourceVersion "1"]
[SourceVersionDate "2021.10.24"]
[SourceQuality "1"]

1. e4 c6 2. d4 d5 3. Nc3 dxe4 4. Nxe4 Bf5 5. Ng3 Bg6 6. Nf3 Nd7 7. Bd3 Bxd3 8. Qxd3 e6 9. 0-0 Ngf6 10. Re1 Be7 11. a4 0-0 12. a5 Bb4 13. Bd2 Bxd2 14. Qxd2 c5 15. dxc5 Nxc5 16. Qb4 Qc7 17. Qh4 Rfd8 18. b4 Ncd7 19. c4 Rac8 20. Rac1 a6 21. Qg5 h6 22. Qe3 b6 23. axb6 Qxb6 24. Qxb6 Nxb6 25. c5 Nbd5 26. Rb1 Rb8 27. Ra1 Nxb4 28. Ra4 Nd3 29. Rd1 Nxc5 30. Rxd8+ Rxd8 31. Rc4 Rd1+ 32. Nf1 Nfd7 33. Ne5 Nxe5 34. Rxc5 Rd5 35. Rxd5 exd5 36. Nd2 Kf8 37. Kf1 Ke7 38. Ke2 Kd6 39. f3 a5 40. Nb3 a4 41. Nd4 Kc5 42. Nc2 d4 0-1

[Event "FICGS no engines 00 email"]
[Site "FICGS email"]
[Date "2018.05.18"]
[Round "1"]
[White "Sharma, Vivek"]
[Black "Niglio, Biagio"]
[Result "1-0"]
[WhiteElo "1655"]
[BlackElo "1305"]
[PlyCount "57"]
[EventDate "2018.??.??"]
[EventType "swiss (corr)"]
[EventRounds "1"]
[SourceTitle "Corr 2022"]
[Source "ChessBase"]
[SourceDate "2021.10.24"]
[SourceVersion "1"]
[SourceVersionDate "2021.10.24"]
[SourceQuality "1"]

1. e4 c6 2. e5 d5 3. d4 Bf5 4. g4 Bg6 5. Nf3 e6 6. Ng5 h6 7. Nf3 Nd7 8. Qd2 f6 9. c4 fxe5 10. Nxe5 Nxe5 11. dxe5 d4 12. Bd3 Bxd3 13. Qxd3 Bb4+ 14. Bd2 Bxd2+ 15. Nxd2 Ne7 16. 0-0-0 c5 17. Ne4 Qb6 18. Nd6+ Kd7 19. Rhf1 Rhf8 20. f4 Nc8 21. Nb5 a6 22. Qa3 Ne7 23. Nd6 Ng6 24. Qg3 Qc6 25. f5 exf5 26. gxf5 Ne7 27. Qxg7 Rg8 28. Qxh6 Rh8 29. Qe6+ 1-0